• 首页
  • 本馆介绍
  • 公告通知
  • 最新文献
  • 馆藏检索
  • 电子资源
  • 读者导购
  • 参考咨询
  • 我的图书馆
  • 登录
  • 详细信息显示
  • 放入我的书架
  • 预约/预借图书
  • 作者相关作品
  • 分类相关作品
  • 丛书相关作品
  • 出版社相关作品

书目信息

  • 表格格式
  • 工作单格式
  • 卡片格式
题名:
社会理论的基础
    
 
作者: 詹姆斯.S.科尔曼 ;邓方
分册: 上册  
出版信息: 北京   社会科学文献出版社  1999
页数: 615
开本: 20cm
丛书名:
单 册:
中图分类: C1
科图分类:
主题词: 政治--中国 , 社会科学--现状 , 社会科学--概况
电子资源:
ISBN: 7-80050-157-4
000 00649nam0 2200217 450
001 1255950194
005 20121002153406.29
010    @a7-80050-157-4
100    @a20070904d km y0chiy0120 ea
101 0  @achi
200 1  @a社会理论的基础@Ashe hui li lun de ji chu@h上册@h上卷@f詹姆斯.S.科尔曼@Fzhan mu si.S.ke er man@g邓方@Gdeng fang
210    @a北京@c社会科学文献出版社@d1999
215    @a615@d20cm
606 0  @a政治@x中国
606 0  @a社会科学@x现状
606 0  @a社会科学@x概况
690    @aC1@v4
701  0 @a詹姆斯.S.科尔曼@Azhan mu si.S.ke er man
702  0 @a邓方@Adeng fang
801  0 @aCN@bPFT@c20070904
905    @a10447@dC1@eJY17:1
    
    社会理论的基础.上册.上卷/詹姆斯.S.科尔曼/邓方.-北京:社会科学文献出版社,1999
    615;20cm
    
    
    ISBN 7-80050-157-4:
    
●
相关链接 在E读中查询图书 在五车中查询图书 在当当中查询图书 在豆瓣中查询图书


正题名:社会理论的基础     索取号:C1/JY17:1         预约/预借

序号 登录号 条形码 馆藏地/架位号 状态 备注
1 7810013   278100136   学院路分馆/ [索取号:C1/JY17:1] 在馆    
2 7810014   278100145   学院路分馆/ [索取号:C1/JY17:1] 在馆    
唐山师范学院图书馆 欢迎您!
大连网信软件有限公司© 版权所有